ARRUPE JESUIT UNIVERSITY

CORONAVIRUS -STOP THE SPREAD - CLEAN,DISINFECT,COVER

The last days of Socrates (Record no. 53214)

MARC details
000 -LEADER
fixed length control field 00507nam a2200217Ia 4500
003 - CONTROL NUMBER IDENTIFIER
control field 0100
008 - FIXED-LENGTH DATA ELEMENTS--GENERAL INFORMATION
fixed length control field 130303s9999 xx 000 0 und d
040 ## - CATALOGING SOURCE
Transcribing agency ARRUPELIB
050 ## - LIBRARY OF CONGRESS CALL NUMBER
Classification number B316.T6
300 ## - PHYSICAL DESCRIPTION
Other physical details 18cm.
100 ## - MAIN ENTRY--PERSONAL NAME
Personal name Plato
245 #4 - TITLE STATEMENT
Title The last days of Socrates
245 ## - TITLE STATEMENT
Remainder of title Euthyphro, The Apology, Crito, Phaedo
260 ## - PUBLICATION, DISTRIBUTION, ETC. (IMPRINT)
Place of publication, distribution, etc Maryland
260 ## - PUBLICATION, DISTRIBUTION, ETC. (IMPRINT)
Name of publisher, distributor, etc Penguin Books
260 ## - PUBLICATION, DISTRIBUTION, ETC. (IMPRINT)
-- 1954
300 ## - PHYSICAL DESCRIPTION
Extent 199p.
440 ## - SERIES STATEMENT/ADDED ENTRY--TITLE
Title Penguin Classics
700 ## - ADDED ENTRY--PERSONAL NAME
Personal name Tredennick, Hugh (tr.)
942 00 - ADDED ENTRY ELEMENTS (KOHA)
Koha issues (borrowed), all copies 2
Holdings
Withdrawn status Lost status Source of classification or shelving scheme Damaged status Not for loan Collection code Home library Current library Shelving location Date acquired Total Checkouts Full call number Barcode Date last seen Date checked out Copy number Price effective from Koha item type
    Library of Congress Classification     Main Collection ARRUPE LIBRARY ARRUPE LIBRARY   04/03/2013 2 B316.T6 46003088262 05/09/2018 17/08/2018 1 04/03/2013 Monograph ( Printed materials)
    Library of Congress Classification     Main Collection ARRUPE LIBRARY ARRUPE LIBRARY   04/03/2013 10 B358.T7 46003075832 19/11/2019 22/10/2019 2 04/03/2013 Monograph ( Printed materials)

 

Arrupe Library. PO Box MP320 Mt Pleasant, Harare, Zimbabwe
263 242 745411|librarian@aju.ac.zw